Normal view MARC view
  • CHAGANTI,SUBBA RAO

Entry Personal Name

Number of records used in: 1

001 - CONTROL NUMBER

  • control field: 7668

003 - CONTROL NUMBER IDENTIFIER

  • control field: JRU

005 - DATE AND TIME OF LATEST TRANSACTION

  • control field: 20230403133511.0

008 - FIXED-LENGTH DATA ELEMENTS

  • fixed length control field: 230403|| aca||aabn | a|a d

040 ## - CATALOGING SOURCE

  • Original cataloging agency: JRU
  • Transcribing agency: JRU

100 ## - HEADING--PERSONAL NAME

  • Personal name: CHAGANTI,SUBBA RAO

670 ## - SOURCE DATA FOUND

  • Source citation: Work cat.: (JRU)8245: CHAGANTI,SUBBA RAO, PHARMACEUTICAL MARKETING IN INDIA -FOR TODAY AND TOMORROW , 2019